Dutch train stations - Utrecht - Statistics

General Stats
  • This quiz has been taken 324 times
    323 since last reset
  • The average score is 19 of 33
Answer Stats
Company Answer % Correct
NS Utrecht Centraal
98%
NS/Connexxion Amersfoort
88%
NS Houten
77%
NS Utrecht Leidsche Rijn
77%
NS Utrecht Overvecht
75%
NS Utrecht Vaartsche Rijn
72%
NS Woerden
72%
NS Utrecht Lunetten
70%
NS Driebergen-Zeist
66%
NS Maarssen
65%
NS Baarn
64%
NS Soest
64%
NS Amersfoort Vathorst
61%
NS Vleuten
61%
NS Amersfoort Schothorst
60%
NS Utrecht Zuilen
60%
NS Bilthoven
59%
NS Breukelen
59%
NS Houten Castellum
57%
NS Bunnik
56%
NS Utrecht Terwijde
51%
NS Abcoude
49%
NS Rhenen
49%
NS Den Dolder
48%
NS Utrecht Maliebaan
48%
NS Maarn
45%
NS Soestdijk
43%
NS Soest Zuid
43%
NS Veenendaal Centrum
41%
Connexxion Hoevelaken
38%
NS(NH) Hollandsche Rading
38%
NS Veenendaal West
37%
Qbuzz Leerdam
27%
No matching quizzes found
Score Distribution
Percent of People with Each Score
Percentile by Number Answered
Your Score History
You have not taken this quiz since the last reset